1396 1264 1453 1096 1780 1300 1865 1424 1314 1153 1105 1141 1828 1950 1870 1821 1909 1308 1056 1526 1065 1170 1769 1725 1810 1364 1944 1583 1242 1037 1811 1378 1944 1080 1091 1836 1433 1086 1601 1285 1690 1325 1154 1405 1441 1510 1302 1972 1574 1245 1659 1823 1087 1294 1721 1099 1228 1043 1333 1781 1892 1026 1177 1439 1049 1416 1766 1801 1147 1543 1674 1277 1066 1286 1770 1173 1356 1856 1197 1284 1980 1956 1940 1600 1851 1956 1784 1427 1554 1249 1780 1986 1622 1669 1135 1066 1655 1861 1777 BCNSPRNW ULIB Ver.6.0+V

เปลี่ยนเป็นภาษาไทย

Change to English
 แสดงรายละเอียดบรรณานุกรม
  กลับหน้าหลัก

Brief Record : Get Marc (ISO 2709) : E-mail record : QR code < ปิดหน้าต่าง
LEADER : 00000nam 2200000uu 4500
001    13399114735
003     ULIB
008    110211s2547||||th 000 0 tha d
020    9749155459
041 0  tha
060 04 WY157^bต364
100 0  ตติรัตน์ สุวรรณสุจริต.
245 10 การพยาบาลมารดาที่ได้รับการผ่าตัดคลอด/^cตติรัตน์ สุวรรณสุจริต.
250    พิมพ์ครั้งที่ 2
260    ชลบุรี :^bภาควิชาการพยาบาลแม่และเด็ก คณะพยาบาลศาสตร์ มหาวิทยาลัยบูรพา,^c2547
300    146 หน้า :^bภาพประกอบ
650  7 การคลอด
650  7 การผ่าท้องคลอด
650  7 การพยาบาลสูติศาสตร์
710 2  มหาวิทยาลัยบูรพา.^bคณะพยาบาลศาสตร์.^bภาควิชาการพยาบาลแม่และเด็ก.
945    ^p0^l0^i018314
995    ทศพร
999 ^a ใช้งานได้ทุกระบบ
รายการนี้ยังไม่มีแท็ก
คุณยังไม่ได้ล็อกอิน คุณสามารถมีกิจกรรมร่วมกับเว็บไซต์ได้ แต่ต้องล็อกอินก่อน ::
  ล็อกอิน

รายการสื่อสารสนเทศ

ลำดับที่ ประเภท เลขเรียก/บาร์โค้ด สถานที่ สถานะ
- ไม่พบข้อมูล -

รายการใกล้เคียง
    ผู้แต่ง [ตติรัตน์ สุวรรณสุจริต.]

    หัวเรื่อง [การคลอด]
    หัวเรื่อง [การผ่าท้องคลอด]
    หัวเรื่อง [การพยาบาลสูติศาสตร์]

BibComment


ยังไม่เคยถูกคอมเมนท์

คอมเมนท์ทรัพยากรรายการนี้
  คอมเมนท์: การพยาบาลมารดาที่..


 Copyright 2026. Bcnsprnw @Library